Gaming Genres: Odd One Out - Statistics

General Stats
  • This quiz has been taken 93 times
  • The average score is 5 of 15
Answer Stats
Question Answer % Correct
Sports Windjammers
66%
2D Platformer Stephen's Sausage Roll
53%
Real Time Strategy XCOM
53%
First Person Shooter Gears of War
47%
Souls-Like King's Field
47%
MMORPG Kingdoms of Amalur
42%
Immersive Sim Operation Flashpoint
34%
GTA Clone Yakuza
34%
Hero Shooter Fortnite
29%
"Walking" Sim Her Story
26%
2D Fighter Bushido Blade
24%
Point & Click Psychonauts
24%
Racing Sim Forza Horizon
21%
CRPG Dragon Quest
13%
Character Action Ghost of Tsushima
11%
No matching quizzes found
Score Distribution
Percent of People with Each Score
Percentile by Number Answered
Your Score History
You have not taken this quiz